Microsoft Office 2021. Manual impresindible.

Guardat en:
Dades bibliogràfiques
Autor principal: Delgado, José María (autor)
Format: Desconegut
Publicat: Madrid, España: Ediciones Anaya Multimedia, 2021.
Matèries:
Etiquetes: Afegir etiqueta
Sense etiquetes, Sigues el primer a etiquetar aquest registre!

MARC

LEADER 00000 a2200000 4500
003 CL-VaPUC
005 20230710101038.0
008 230630t2022 ||||| |||| 00| 0 eng d
999 |c 441251  |d 441249 
020 |a 9788441544680 
040 |c Pontificia Universidad Católica de Valparaíso 
082 7 |a 005.36 DEL 2022  |2 22 
100 |a Delgado, José María  |9 497528  |e autor 
245 |a Microsoft Office 2021.   |b Manual impresindible. 
260 |a Madrid, España:  |b Ediciones Anaya Multimedia,  |c 2021. 
300 |a 415 páginas. 
583 |k GC  |c 20230630 
650 |a Microsoft word  |x Procesador de textos   |9 883570 
650 0 |a Microsoft excel   |9 264149 
650 0 |a Access  |9 534183  |x Gestor bases de datos 
650 0 |a OneNote  |x Sistemas de escritorio   |9 883571 
650 0 |a Microsoft Power point  |x Programa de presentación  |9 883572 
942 |2 ddc  |c BK 
952 |0 0  |1 0  |2 ddc  |4 0  |6 005_360000000000000_DEL_2022  |7 0  |8 R  |9 590644  |a BIBENE  |b BIBENE  |d 2023-06-30  |e 2  |g 39599.00  |i 5657850  |o 005.36 DEL 2022  |p 5657850  |r 2025-01-15  |t 1  |v 39599.00  |w 2023-06-30  |y BK_R  |k ICO